| 000 -LEADER |
| fixed length control field |
01361cam a22003377a 4500 |
| 001 - CONTROL NUMBER |
| control field |
15978786 |
| 003 - CONTROL NUMBER IDENTIFIER |
| control field |
Nust |
| 005 - DATE AND TIME OF LATEST TRANSACTION |
| control field |
20170421130255.0 |
| 008 - FIXED-LENGTH DATA ELEMENTS--GENERAL INFORMATION |
| fixed length control field |
091109s2009 dk ab b 001 0 eng |
| 010 ## - LIBRARY OF CONGRESS CONTROL NUMBER |
| LC control number |
2009278817 |
| 020 ## - INTERNATIONAL STANDARD BOOK NUMBER |
| International Standard Book Number |
9788750209676 (Polyteknisk) |
| 020 ## - INTERNATIONAL STANDARD BOOK NUMBER |
| International Standard Book Number |
8750209671 (Polyteknisk) |
| 020 ## - INTERNATIONAL STANDARD BOOK NUMBER |
| International Standard Book Number |
8750209620 (Polyteknisk) |
| 020 ## - INTERNATIONAL STANDARD BOOK NUMBER |
| International Standard Book Number |
9788750209621 (Polyteknisk) |
| 020 ## - INTERNATIONAL STANDARD BOOK NUMBER |
| International Standard Book Number |
9781847558657 (RSC) |
| 020 ## - INTERNATIONAL STANDARD BOOK NUMBER |
| International Standard Book Number |
1847558658 (RSC) |
| 035 ## - SYSTEM CONTROL NUMBER |
| System control number |
(OCoLC)ocn427548200 |
| 040 ## - CATALOGING SOURCE |
| Original cataloging agency |
AGL |
| Transcribing agency |
AGL |
| Modifying agency |
AGL |
| -- |
BTCTA |
| -- |
YDXCP |
| -- |
BWK |
| -- |
BWX |
| -- |
CUD |
| -- |
DLC |
| 042 ## - AUTHENTICATION CODE |
| Authentication code |
lccopycat |
| 050 00 - LIBRARY OF CONGRESS CALL NUMBER |
| Classification number |
TD883 |
| Item number |
.A4782 2008 |
| 070 0# - NATIONAL AGRICULTURAL LIBRARY CALL NUMBER |
| Classification number |
TD883 |
| Item number |
.A37 2009 |
| 082 ## - DEWEY DECIMAL CLASSIFICATION NUMBER |
| Classification number |
363.739 FEN |
| 245 00 - TITLE STATEMENT |
| Title |
Air pollution--from a local to global perspective / |
| Statement of responsibility, etc. |
Edited by Jes Fenger & Jens Christian Tjell. |
| 250 ## - EDITION STATEMENT |
| Edition statement |
1st ed. |
| 260 ## - PUBLICATION, DISTRIBUTION, ETC. |
| Place of publication, distribution, etc. |
Lyngby, Denmark : |
| Name of publisher, distributor, etc. |
Polyteknisk ; |
| Place of publication, distribution, etc. |
Cambridge, UK : |
| Name of publisher, distributor, etc. |
RSC Pub. [distributor], |
| Date of publication, distribution, etc. |
2009. |
| 300 ## - PHYSICAL DESCRIPTION |
| Extent |
488 p. : |
| Other physical details |
ill. (some col.), maps (some col.) ; |
| Dimensions |
24 cm. |
| 500 ## - GENERAL NOTE |
| General note |
P.B |
| 504 ## - BIBLIOGRAPHY, ETC. NOTE |
| Bibliography, etc. note |
Includes bibliographical references and index. |
| 650 #0 - SUBJECT ADDED ENTRY--TOPICAL TERM |
| Topical term or geographic name entry element |
Air |
| General subdivision |
Pollution. |
| 700 1# - ADDED ENTRY--PERSONAL NAME |
| Personal name |
Fenger, J. |
| Fuller form of name |
(Jes) |
| 700 1# - ADDED ENTRY--PERSONAL NAME |
| Personal name |
Tjell, Jens Christian. |
| 906 ## - LOCAL DATA ELEMENT F, LDF (RLIN) |
| a |
7 |
| b |
cbc |
| c |
copycat |
| d |
2 |
| e |
ncip |
| f |
20 |
| g |
y-gencatlg |
| 942 ## - ADDED ENTRY ELEMENTS (KOHA) |
| Source of classification or shelving scheme |
|
| Koha item type |
Book |
| Call number prefix |
363.739 FEN |